MARC

LEADER 00000nam0a2200000 4500
001 367538
005 20231102012007.0
035 |a (RuTPU)RU\TPU\retro\24901 
090 |a 367538 
100 |a 20220316d2019 k y0rusy50 ca 
101 0 |a rus 
102 |a RU 
105 |a a z 000zy 
200 1 |a Этюды рудной геологии  |f Б. Г. Семенцов 
210 |a Бийск  |c [Б. и.]  |d 2019 
215 |a 266 с.  |c ил. 
317 |5 63413507: КР-7269  |a Поступил в НТБ в 2021 г. в дар от семьи профессора ТПУ Л. П. Рихванова 
606 1 |a Рудные (металлоносные) месторождения  |2 stltpush  |3 (RuTPU)RU\TPU\subj\26025  |9 50044 
610 1 |a Библиотека Л. П. Рихванова 
610 1 |a вольфрамоносность 
610 1 |a Калгутинское месторождение 
610 1 |a железнорудные месторождения 
610 1 |a золотоносность 
610 1 |a золотодобыча 
610 1 |a прогнозно-поисковые работы 
610 1 |a Майское месторождение 
610 1 |a дары библиотеке 
675 |a 553.3/.4  |v 4 
700 1 |a Семенцов  |b Б. Г.  |g Борис Григорьевич 
801 1 |a RU  |b 63413507  |c 20220316 
801 2 |a RU  |b 63413507  |c 20220720  |g RCR 
942 |c BK